| 000 | 00868cam a2200313 4500 | ||
|---|---|---|---|
| 008 | 090401t1995 xxu||||| |||| 00| 0 eng d | ||
| 020 | _a011322205X | ||
| 035 | _a(Sirsi) u16664 | ||
| 041 | _aeng | ||
| 050 | _a690.24 | ||
| 110 |
_aNHS Estates _92893 |
||
| 245 | _aHistoric buildings and the health service. | ||
| 260 |
_aLondon _bHMSO _c1995 |
||
| 300 | _av,37p. : ill. ; 30cm. | ||
| 350 | _a35 | ||
| 490 | _aEstatecode | ||
| 520 | _aFILED IN ESTATECODE VOLUME 2. Additional separate copy for loan. | ||
| 650 | _aCONSERVATION | ||
| 650 | _aHEALTH BUILDINGS | ||
| 650 | _aHISTORIC BUILDINGS | ||
| 650 | _aHOSIPITALS | ||
| 650 | _aLISTED BUILDINGS | ||
| 650 | _aBUILT ENVIRONMENT-BUILDING MAINTENANCE AND REFURBISHMENT | ||
| 650 | _aRE-USE | ||
| 690 | _aCONSERVATION | ||
| 710 |
_aEnglish Heritage _92714 |
||
| 942 | _n0 | ||
| 948 | _c04/03/1997 | ||
| 999 |
_c87444 _d87444 |
||